<?xml version="1.0" encoding="UTF-8"?>
<collection xmlns="http://www.loc.gov/MARC21/slim">
 <record>
  <leader>01057nam a2200265 a 4500</leader>
  <controlfield tag="001">20415271 </controlfield>
  <controlfield tag="008">090819s1989    enka          00010 eng d </controlfield>
  <datafield tag="010" ind1=" " ind2=" ">
   <subfield code="a">gb 89045478 </subfield>
  </datafield>
  <datafield tag="020" ind1=" " ind2=" ">
   <subfield code="a">0521348951 (pbk) : </subfield>
  </datafield>
  <datafield tag="040" ind1=" " ind2=" ">
   <subfield code="a">UKM</subfield>
   <subfield code="c">UKM</subfield>
   <subfield code="d">AFU </subfield>
  </datafield>
  <datafield tag="082" ind1="0" ind2="0">
   <subfield code="a">401/.41</subfield>
   <subfield code="2">20</subfield>
  </datafield>
  <datafield tag="100" ind1="1" ind2=" ">
   <subfield code="a">Brown, Kristine </subfield>
   <subfield code="9">58544</subfield>
  </datafield>
  <datafield tag="245" ind1="1" ind2="0">
   <subfield code="a">Writing matters :</subfield>
   <subfield code="b">writing skills and strategies for students of English /</subfield>
   <subfield code="c">Kristine Brown and Susan Hood </subfield>
  </datafield>
  <datafield tag="260" ind1=" " ind2=" ">
   <subfield code="a">Cambridge :</subfield>
   <subfield code="b">Cambridge University Press,</subfield>
   <subfield code="c">1989 </subfield>
  </datafield>
  <datafield tag="300" ind1=" " ind2=" ">
   <subfield code="a">vi, 149 p. :</subfield>
   <subfield code="b">ill. ;</subfield>
   <subfield code="c">25 cm </subfield>
  </datafield>
  <datafield tag="541" ind1="1" ind2=" ">
   <subfield code="e">00012397</subfield>
  </datafield>
  <datafield tag="650" ind1=" " ind2="0">
   <subfield code="a">English language</subfield>
   <subfield code="x">Written English.</subfield>
   <subfield code="9">58545</subfield>
  </datafield>
  <datafield tag="650" ind1=" " ind2="0">
   <subfield code="a">English language</subfield>
   <subfield code="x">Grammar.</subfield>
  </datafield>
  <datafield tag="650" ind1=" " ind2="0">
   <subfield code="a">Advertising</subfield>
   <subfield code="x">Language.</subfield>
   <subfield code="9">58546</subfield>
  </datafield>
  <datafield tag="650" ind1=" " ind2="0">
   <subfield code="a">English language</subfield>
   <subfield code="x">Grammar</subfield>
   <subfield code="x">Problems, exercises, etc.</subfield>
  </datafield>
  <datafield tag="700" ind1="1" ind2=" ">
   <subfield code="a">Hood, Susan</subfield>
   <subfield code="9">58547</subfield>
  </datafield>
  <datafield tag="852" ind1="4" ind2=" ">
   <subfield code="a">Ayesha Abed Library </subfield>
   <subfield code="j">General Shelf.</subfield>
  </datafield>
  <datafield tag="942" ind1=" " ind2=" ">
   <subfield code="2">ddc</subfield>
   <subfield code="c">BK</subfield>
  </datafield>
  <datafield tag="999" ind1=" " ind2=" ">
   <subfield code="c">3473</subfield>
   <subfield code="d">3473</subfield>
  </datafield>
  <datafield tag="952" ind1=" " ind2=" ">
   <subfield code="0">0</subfield>
   <subfield code="1">0</subfield>
   <subfield code="2">ddc</subfield>
   <subfield code="4">0</subfield>
   <subfield code="6">401_410000000000000_BRO</subfield>
   <subfield code="7">0</subfield>
   <subfield code="9">3153</subfield>
   <subfield code="a">BRACUL</subfield>
   <subfield code="b">BRACUL</subfield>
   <subfield code="c">GEN</subfield>
   <subfield code="d">2009-09-01</subfield>
   <subfield code="g">1106.00</subfield>
   <subfield code="l">7</subfield>
   <subfield code="m">26</subfield>
   <subfield code="o">401.41 BRO</subfield>
   <subfield code="p">3010012397</subfield>
   <subfield code="r">2026-05-18</subfield>
   <subfield code="s">2026-04-13</subfield>
   <subfield code="t">1</subfield>
   <subfield code="w">2009-09-01</subfield>
   <subfield code="y">BK</subfield>
  </datafield>
 </record>
</collection>
